000 00327 a2200157 4500
001 184553
020 _a85-7338-785-8
040 _cMagnum
100 _aAlphonsus, João
240 1 0 _aGalinha cega
_lpor
245 1 0 _aGalinha cega
300 _a39
362 0 _a2003
697 _aLITERATURA INFANTO-JUVENIL
942 _cBK
999 _c184553
_d184553